2024/2025 Premier League, EFL and National League Kit Manufacturers - Statistics

General Stats
  • This quiz has been taken 41 times
    30 since last reset
  • The average score is 89 of 164
Answer Stats
League Club Manufacturer % Correct
Premier League Arsenal Adidas
100%
Premier League Aston Villa Adidas
100%
Premier League Fulham Adidas
100%
Premier League Leicester City Adidas
100%
Premier League Manchester United Adidas
100%
Premier League Newcastle United Adidas
100%
Premier League Nottingham Forest Adidas
100%
Championship Leeds United Adidas
100%
League One Exeter City Adidas
100%
League Two Salford City Adidas
100%
League Two Swindon Town Adidas
100%
National League Halifax Town Adidas
100%
National League Solihull Moors Adidas
100%
National League Woking Adidas
100%
National League North Buxton Adidas
100%
National League North Curzon Ashton Adidas
100%
National League North Scarborough Athletic Adidas
100%
National League South Aveley Adidas
100%
Premier League Brighton and Hove Albion Nike
100%
Premier League Chelsea Nike
100%
Premier League Liverpool Nike
100%
Premier League Tottenham Hotspur Nike
100%
Championship Portsmouth Nike
100%
League One Birmingham City Nike
100%
Premier League Manchester City Puma
88%
Premier League Southampton Puma
88%
Championship Derby County Puma
88%
Championship Plymouth Argyle Puma
88%
League One Barnsley Puma
88%
League One Blackpool Puma
88%
League One Leyton Orient Puma
88%
League One Northampton Town Puma
88%
League One Peterborough United Puma
88%
League One Rotherham United Puma
88%
League One Stockport County Puma
88%
League One Wigan Athletic Puma
88%
League Two Barrow Puma
88%
League Two Chesterfield Puma
88%
League Two Fleetwood Town Puma
88%
League Two Notts County Puma
88%
League Two Port Vale Puma
88%
National League Altrincham Puma
88%
National League Oldham Athletic Puma
88%
National League North Brackley Town Puma
88%
National League North Radcliffe Puma
88%
National League South Boreham Wood Puma
88%
Premier League Bournemouth Umbro
76%
Premier League Brentford Umbro
76%
Premier League Ipswich Town Umbro
76%
Premier League West Ham Umbro
76%
Championship Luton Town Umbro
76%
League One Cambridge United Umbro
76%
League One Huddersfield Town Umbro
76%
League Two AFC Wimbledon Umbro
76%
League Two Carlisle United Umbro
76%
League Two Grimsby Town Umbro
76%
National League Boston United Umbro
76%
National League Forest Green Rovers Umbro
76%
National League North South Sheilds Umbro
76%
Premier League Everton Castore
64%
Championship Burnley Castore
64%
Championship Preston North End Castore
64%
League One Charlton Athletic Castore
64%
League One Mansfield Town Castore
64%
League Two Milton Keynes Dons Castore
64%
Championship Coventry City Hummel
56%
Championship Sunderland Hummel
56%
League One Wycombe Wanderers Hummel
56%
National League York City Hummel
56%
National League South St Albans City Hummel
56%
Premier League Crystal Palace Macron
52%
Championship Blackburn Rovers Macron
52%
Championship Oxford United Macron
52%
Championship Sheffield Wednesday Macron
52%
Championship Stoke City Macron
52%
Championship West Brom Macron
52%
League One Bolton Wanderers Macron
52%
League One Bristol Rovers Macron
52%
League One Reading Macron
52%
League One Stevenage Macron
52%
League One Wrexham Macron
52%
League Two Accrington Stanley Macron
52%
League Two Bradford City Macron
52%
League Two Bromley Macron
52%
League Two Colchester United Macron
52%
League Two Gillingham Macron
52%
League Two Walsall Macron
52%
National League Southend United Macron
52%
National League Tamworth Macron
52%
National League North Darlington Macron
52%
National League North Oxford City Macron
52%
National League South Dorking Wanderers Macron
52%
National League South Hornchurch Macron
52%
National League South Maidstone United Macron
52%
National League South Salisbury Macron
52%
National League South Slough Town Macron
52%
National League South Worthing Macron
52%
Championship Cardiff City New Balance
48%
League Two Harrogate Town New Balance
48%
National League AFC Fylde New Balance
48%
National League Ebbsfleet United New Balance
48%
National League South Welling United New Balance
48%
Championship Middlesbrough Errea
44%
Championship Millwall Errea
44%
Championship Queens Park Rangers Errea
44%
Championship Sheffield United Errea
44%
League One Crawley Town Errea
44%
League Two Cheltenham Town Errea
44%
National League Aldershot Town Errea
44%
National League Eastleigh Errea
44%
National League Hartlepool United Errea
44%
National League Yeovil Town Errea
44%
National League North Spennymoor Town Errea
44%
National League South Bath City Errea
44%
National League South Chelmsford City Errea
44%
National League South Eastbourne Borough Errea
44%
National League South Enfield Town Errea
44%
National League South Hemel Hempstead Town Errea
44%
Championship Hull City Kappa
40%
National League North Hereford Kappa
40%
National League South Truro City Kappa
40%
National League South Weymouth Kappa
40%
Championship Norwich City Joma
36%
Championship Swansea City Joma
36%
National League North Farsley Celtic Joma
36%
National League North Needham Market Joma
36%
Championship Watford Kelme
20%
National League Maidenhead United Kelme
20%
National League Wealdstone Kelme
20%
National League North Scunthorpe United Kelme
20%
Championship Bristol City O'Neills
16%
National League Rochdale O'Neills
16%
National League Sutton United O'Neills
16%
National League South Farnborough O'Neills
16%
Premier League Wolverhampton Wanderers Sudu
16%
League One Lincoln City Oxen
12%
League One Shrewsbury Town Oxen
12%
League Two Doncaster Rovers Oxen
12%
National League North Kidderminster Harriers Oxen
12%
National League North Alfreton Town SK Kits
12%
League One Burton Albion TAG
12%
League Two Crewe Alexandra FBT
4%
League Two Tranmere Rovers Mills
4%
National League South Chippenham Town Uhlsport
4%
National League South Weston-super-Mare Uhlsport
4%
National League Dagenham and Redbridge Admiral
0%
National League North King's Lynn Town Capelli
0%
National League North Warrington Town Capelli
0%
National League North Rushall Olympic Fused Sports
0%
National League North Chester Hope & Glory
0%
National League North Chorley Hope & Glory
0%
National League South Hampton & Richmond Borough Hope & Glory
0%
National League South Tonbridge Angels Hope & Glory
0%
National League South Chesham United Karuta
0%
National League North Marine Malooka
0%
National League Braintree Town Nineteen-Twentyfour
0%
National League Gateshead Patrick
0%
National League North Southport Patrick
0%
National League Barnet Stanno
0%
National League North Peterborough Sports Stanno
0%
National League North Leamington Surridge
0%
League Two Morecambe Terrace
0%
League Two Newport County VX3 Sportswear
0%
National League South Torquay United VX3 Sportswear
0%
No matching quizzes found
Score Distribution
Percent of People with Each Score
Percentile by Number Answered
Your Score History
You have not taken this quiz since the last reset